logo

Bir Sreshtho Munshi Abdur Rouf Library
Jhenaidah Cadet College

The Santa Fe Trail / (Record no. 2968)

MARC details
000 -LEADER
fixed length control field 00571nam a2200217 a 4500
001 - CONTROL NUMBER
JCCL Control Number 2968
003 - CONTROL NUMBER IDENTIFIER
JCCL marc code BD-JhCC
005 - DATE AND TIME OF LATEST TRANSACTION
control field 20171108193235.0
008 - FIXED-LENGTH DATA ELEMENTS--GENERAL INFORMATION
fixed length control field 171108s n a|||| ||a| 000 0 ben d
035 ## - SYSTEM CONTROL NUMBER
system control number (BD-JhCC)2968
040 ## - CATALOGING SOURCE
Original cataloging agency BD-JhCC
Modifying agency BD-JhCC
041 ## - LANGUAGE CODE
Language code of Book ben
082 ## - DEWEY DECIMAL CLASSIFICATION NUMBER
Classification number 978
Author mark and Year ADM 1951
100 ## - MAIN ENTRY--PERSONAL NAME
Personal name Admas, Samuel Hopkins
245 ## - TITLE STATEMENT
Title The Santa Fe Trail /
Statement of responsibility, etc Samuel Hopkins Admas,
260 ## - PUBLICATION, DISTRIBUTION, ETC. (IMPRINT)
Place of publication, distribution, etc New York :
Name of publisher, distributor, etc Spencer Press Inc, Chicago,
300 ## - PHYSICAL DESCRIPTION
Pagination 181 p. :
Dimensions 22 cm.
650 ## - SUBJECT ADDED ENTRY--TOPICAL TERM
Topical term or geographic name as entry element Santa Fe National Historic Trail
942 ## - ADDED ENTRY ELEMENTS (KOHA)
Source of classification or shelving scheme Dewey Decimal Classification
Koha item type Books
Holdings
Source of classification or shelving scheme Damaged status Not for loan Home library Current library Shelving location Date of accession Total Checkouts Full call number Barcode Date last seen Copy number Koha item type
Dewey Decimal Classification     JCC Rouf Library JCC Rouf Library General Stacks 11/08/2017   978 ADM 4707 11/08/2017 C-1 Books

JCC Library | Contacts | JCC Home

Last Update on 23 September 2017
Copyright @ 2017-2020 JCC Rouf Library
Rouf Library, Jhenidah Cadet College (JCC), Bangladesh